Qui suis-je ? Football 2023 #7 - Statistiques

Statistiques générales
  • Ce quiz a été pris 774 fois
  • Le résultat moyen est 4 sur 8
Statistiques - réponses
Par images Réponse % Correct
Araujo
82%
Nunez
79%
Nkunku
78%
Fofana
77%
Badiashile
69%
Eliott
15%
Thuram
15%
Nketiah
9%
Aucun quiz correspondant
Distribution des résultats
% des personnes avec chaque résultat
Percentile par nombre de réponses
Votre historique - résultats
Vous n’avez pas pris ce quiz